LEADER 01066nam--2200373---450- 001 990003196850203316 005 20090216091357.0 010 $a978-1-58829-635-0 035 $a000319685 035 $aUSA01000319685 035 $a(ALEPH)000319685USA01 035 $a000319685 100 $a20090216d2007----km-y0itay50------ba 101 $aeng 102 $aUS 105 $a||||||||001yy 200 1 $aPlant proteomics$emethods and protocols$fedited by Hervé Thiellement...[et al.] 210 $aTotowa$cHumana Press$d2007 215 $aXIII, 399 p.$d23 cm 225 2 $aMethods in molecular biology$v355 410 0$12001$aMethods in molecular biology$v355 454 1$12001 461 1$1001-------$12001 606 0 $aProteine$2BNCF 676 $a572.6 702 1$aTHIELLEMENT,$bHervé 801 0$aIT$bsalbc$gISBD 912 $a990003196850203316 951 $a572.6 PLA$b5071 Farm.$c572.6$d00186500 959 $aBK 969 $aFAR 979 $aFIORELLA$b90$c20090216$lUSA01$h0913 996 $aPlant proteomics$91014947 997 $aUNISA LEADER 01350nam--2200385---450- 001 990006145350203316 005 20160509132913.0 010 $a978-88-386-7333-7 035 $a000614535 035 $aUSA01000614535 035 $a(ALEPH)000614535USA01 035 $a000614535 100 $a20160509d2012----km-y0itay50------ba 101 $aeng 102 $aIT 105 $aa---||||001yy 200 1 $aNexus Ph.D. Day. relationships between architecture and mathematics$eproceedings of the Nexus 2012 relationships between architecture and mathematics Ph. D. Day and Poster Session$fMichela Rossi editor 210 $aMilano [etc.]$cMcGraw-Hill$dcopyr. 2012 215 $a269 p.$cill.$d24 cm 225 2 $aThe Nexus Ph. D. Day$v7 410 0$12001$aThe Nexus Ph. D. Day 606 0 $aArchitettura [e] Matematica$xCongressi$z2012$2BNCF 676 $a720.151 702 1$aROSSI,$bMichela 801 0$aIT$bsalbc$gISBD 912 $a990006145350203316 951 $a720.151 NEX$b1533 Crd.$c720$d00331218 959 $aBK 969 $aCRD 979 $aPAOLA$b90$c20160509$lUSA01$h1324 979 $aPAOLA$b90$c20160509$lUSA01$h1327 979 $aPAOLA$b90$c20160509$lUSA01$h1328 979 $aPAOLA$b90$c20160509$lUSA01$h1329 996 $aNexus Ph.D. Day. relationships between architecture and mathematics$91386412 997 $aUNISA